| 000 | 00807nam a2200205Ii 4500 | ||
|---|---|---|---|
| 003 | JO-AjNU | ||
| 008 | 230605s9999||||xx |||||||||||||| ||und|| | ||
| 017 | _a2006/2/337 | ||
| 040 |
_aJO-AjNU _bara _erda _cJO-AjNU |
||
| 041 | _aara | ||
| 050 | 1 | 4 | _aDS153.3.F3664 2006 |
| 100 | 3 |
_aتاليف الفقير، نوح, _eauthor _938050 |
|
| 245 | 0 | 0 | _aالأنبياء والصحابة والتابعون والخلفاء والعلماء والقادة والمفكرون الذين ولدوا أو عاشوا في الأردن |
| 264 | 3 | 1 | _aعمان: المؤلف، 2006 |
| 300 | _a128ص | ||
| 336 |
_atext _btxt _2rdacontent |
||
| 337 |
_aunmediated _bn _2rdamedia |
||
| 338 |
_avolume _bnc _2rdacarrier |
||
| 650 | 4 |
_aالانبياء- الصحابة- التاريخ الاسلامي- الاردن _938051 |
|
| 999 |
_aA15954 _c19522 _d19522 |
||